Mikrovlnka recepty na každý deň : varíme chutne a rýchlo

Bibliographic Details
Main Author: Kaltenbach, Marianne (Author)
Other Authors: Guldanová, Zuzana, 1963- (Translator)
Format: Book
Language:Slovak
PhysicalDescription:137 s. fotogr. 30 cm
Published: Bratislava Fortuna Print 1996
ISBN:8071530832
Edition:2. vyd.
Subjects:

MARC

LEADER 00000nam a2200000 a 4500
001 vtls001287156
003 SK-MaSNL
005 20260301064850.0
008 240314s1996 xo a r slo
015 |a SNBA1997/0902643 
020 |a 8071530832 
035 |a SNK000238724 
035 |a urn:nbn:sk:snk-amtj3e 
035 |a urn:nbn:sk:snk-am00c67u 
035 |a 0F98F3AA-4215-42B4-851B-48280A76947D 
040 |a SNK  |b slo  |c SNK  |e AACR2 
041 0 |a slo 
044 |a xo  |c SK 
080 |a 641.539(083.12)  |2 1981 
100 1 |a Kaltenbach, Marianne  |4 aut  |9 42350 
240 1 0 |a Mikrowellen  |l Slovensky 
245 1 0 |a Mikrovlnka  |b recepty na každý deň : varíme chutne a rýchlo  |c Marianne Kaltenbachová ; [z nemeckého originálu preložila Zuzana Guldanová] 
250 |a 2. vyd. 
260 |a Bratislava  |b Fortuna Print  |c 1996 
300 |a 137 s.  |b fotogr.  |c 30 cm 
500 |a Rozlož. fotogr. na tit. strane 
500 |a Údaj o prekl. prevzatý z tiráže 
504 |a Reg. od A po Z 
650 0 7 |a jedlá  |x príprava  |x rúry mikrovlnové  |x knihy kuchárske  |2 SNK  |9 382776 
650 0 7 |a rúry mikrovlnové  |x jedlá  |x príprava  |x knihy kuchárske  |2 SNK  |9 382777 
650 0 7 |a knihy kuchárske  |2 SNK  |9 283472 
655 7 |a príručky  |2 SNK  |9 74364 
700 1 |a Guldanová, Zuzana,  |d 1963-  |4 trl  |9 103628 
919 |a 80-7153-083-2 
958 |a TL 
958 |a OP 
958 |a NS 
958 |a DE 
968 |b DT 
999 |c 628513  |d 630443 
952 |t P60, <09>, [BOOK], {629}  |a SNK  |b SNK  |y NEVYP  |7 0  |o snkB 659  |i snk2467/970602  |0 0  |1 0  |4 0  |d 1997-05-30  |l 0  |r 2005-01-02 00:00:00  |w 2026-02-23 
952 |t P60, <03>, [BOOK], {603}  |a SNK  |b SNK  |y PREZ  |7 0  |p 17A0066112  |o snkSB 56987  |i snkKSP 5389/97  |0 0  |1 0  |4 0  |d 1997-05-30  |f 1  |l 0  |r 2025-04-09 00:00:00  |w 2026-02-23 
952 |t P60, <04>, [BOOK], {604}  |a SNK  |b SNK  |y VYP  |7 0  |p 17A0066111  |o snkSB 56987 D1  |i snkKSP 5390/97  |0 0  |1 0  |4 0  |d 1997-05-30  |l 0  |r 2005-01-02 00:00:00  |w 2026-02-23